[Event "Leipzig VfB op 14th"]
[Site "Leipzig"]
[Date "2007.03.22"]
[Round "5"]
[White "Berry, Stephen H"]
[Black "Naumann, Peter"]
[Result "1-0"]
[WhiteElo "2379"]
[BlackElo "1935"]
[PlyCount "73"]
[EventDate "2007.03.20"]
[EventType "swiss"]
[EventRounds "9"]
[EventCountry "GER"]
[SourceTitle "EXT 2008"]
[Source "ChessBase"]
[SourceDate "2007.11.25"]
[SourceVersion "1"]
[SourceVersionDate "2007.11.25"]
[SourceQuality "1"]

1. e4 e5 2. Nf3 Nc6 3. Bb5 a6 4. Bxc6 dxc6 5. O-O Bd6 6. d4 Bg4 7. dxe5 Bxf3 8.
Qxf3 Bxe5 9. Nd2 Qf6 10. Qxf6 Nxf6 11. Nf3 Nd7 12. Nxe5 Nxe5 13. Bf4 f6 14.
Rad1 Rc8 15. Bxe5 fxe5 16. Rd3 O-O 17. Rfd1 Rfe8 18. Rd7 Kf8 19. f3 Re7 20. Kf2
Ke8 21. R7d2 c5 22. c4 Re6 23. Rd7 Kf8 24. g3 b6 25. Ke3 Re7 26. h4 c6 27. Rd8+
Re8 28. R8d6 Kf7 29. f4 Re6 30. f5 Re7 31. g4 b5 32. b3 Rcc7 33. g5 a5 34. h5
a4 35. g6+ hxg6 36. hxg6+ Kf8 37. Rh1 1-0

[Event "Leipzig VfB op 14th"]
[Site "Leipzig"]
[Date "2007.03.23"]
[Round "6"]
[White "Broberg, Horst"]
[Black "Berry, Stephen H"]
[Result "0-1"]
[WhiteElo "2086"]
[BlackElo "2379"]
[PlyCount "138"]
[EventDate "2007.03.20"]
[EventType "swiss"]
[EventRounds "9"]
[EventCountry "GER"]
[SourceTitle "EXT 2008"]
[Source "ChessBase"]
[SourceDate "2007.11.25"]
[SourceVersion "1"]
[SourceVersionDate "2007.11.25"]
[SourceQuality "1"]

1. e4 e5 2. Nf3 Nc6 3. Bb5 a6 4. Ba4 d6 5. Bxc6+ bxc6 6. d4 f6 7. Be3 Ne7 8.
Nc3 Ng6 9. Qd3 Be7 10. Qc4 Bd7 11. O-O-O a5 12. h4 h5 13. dxe5 fxe5 14. Ng5
Bxg5 15. Bxg5 Qb8 16. a3 Qb7 17. Rd3 Qa6 18. Qxa6 Rxa6 19. g3 O-O 20. f3 Raa8
21. Kd2 Rf7 22. Ne2 Raf8 23. Ng1 a4 24. b4 axb3 25. cxb3 c5 26. Rc3 Ra8 27. a4
Be6 28. Rh2 c4 29. bxc4 Rxa4 30. Kd3 Nf8 31. Rb2 Nd7 32. Be3 Ra1 33. Kc2 Rf8
34. Rb1 Ra4 35. Kd3 Nb8 36. Rb7 Na6 37. Rb2 Nb4+ 38. Kd2 c5 39. Ke2 Rfa8 40.
Kd2 R8a6 41. Ne2 Nc6 42. Kd3 Na5 43. Rbc2 Nc6 44. Rb2 Ra2 45. Rxa2 Rxa2 46. Bd2
Na5 47. f4 Bxc4+ 48. Ke3 Bxe2 49. Kxe2 Nc6 50. Kd3 Ra4 51. Ke3 c4 52. Bc1 Nd4
53. Bd2 Kf7 54. fxe5 dxe5 55. Kf2 Ke6 56. Be3 Kd6 57. Bc1 Ra2+ 58. Kf1 Kc5 59.
Ba3+ Kb5 60. Bd6 Nc6 61. Rf3 Rb2 62. Rf7 c3 63. Ba3 Ra2 64. Rb7+ Kc4 65. Rc7
Rxa3 66. Rxc6+ Kd3 67. Rd6+ Kxe4 68. Ke2 Ra2+ 69. Kd1 Rd2+ 0-1

[Event "Leipzig VfB op 14th"]
[Site "Leipzig"]
[Date "2007.03.24"]
[Round "7"]
[White "Berry, Stephen H"]
[Black "Baer, Soeren"]
[Result "1-0"]
[WhiteElo "2379"]
[BlackElo "2121"]
[PlyCount "113"]
[EventDate "2007.03.20"]
[EventType "swiss"]
[EventRounds "9"]
[EventCountry "GER"]
[SourceTitle "EXT 2008"]
[Source "ChessBase"]
[SourceDate "2007.11.25"]
[SourceVersion "1"]
[SourceVersionDate "2007.11.25"]
[SourceQuality "1"]

1. e4 c5 2. Nf3 g6 3. d4 cxd4 4. Qxd4 Nf6 5. e5 Nc6 6. Qa4 Nd5 7. Qb3 Nc7 8.
Bc4 Ne6 9. Bxe6 dxe6 10. O-O Bg7 11. Bf4 O-O 12. Na3 Qc7 13. Rfe1 b6 14. Nb5
Qb7 15. Rad1 Bd7 16. Nbd4 Rac8 17. h4 Nxd4 18. Nxd4 Bc6 19. Qg3 Bd5 20. a3 b5
21. h5 b4 22. h6 Bh8 23. axb4 Qxb4 24. b3 Rfd8 25. c4 Ba8 26. Qe3 Qb7 27. f3 a6
28. Rd2 Rb8 29. Red1 Re8 30. Rd3 Qc7 31. Ne2 Qa5 32. Kf2 Bc6 33. Nd4 Ba8 34.
Kg1 Qc7 35. Kh2 Qa5 36. Bg3 Qc7 37. Qd2 Qb7 38. Qf4 Qc7 39. Qe3 Qb7 40. Ne2 Qc7
41. Rd7 Qa5 42. Ng1 Bc6 43. R7d3 Qa3 44. Nh3 Qa5 45. Nf2 Qa3 46. Ne4 Bxe4 47.
Qxe4 Qc5 48. f4 Qa3 49. Qc6 Qa5 50. Bf2 Rbc8 51. Qd7 Bxe5 52. fxe5 Qxe5+ 53.
Kg1 f6 54. Re3 Qg5 55. Qxe6+ Kf8 56. Rd7 Qc5 57. Rf3 1-0

[Event "Leipzig VfB op 14th"]
[Site "Leipzig"]
[Date "2007.03.24"]
[Round "8"]
[White "Natsidis, Christoph"]
[Black "Berry, Stephen H"]
[Result "1/2-1/2"]
[WhiteElo "2183"]
[BlackElo "2379"]
[PlyCount "25"]
[EventDate "2007.03.20"]
[EventType "swiss"]
[EventRounds "9"]
[EventCountry "GER"]
[SourceTitle "EXT 2008"]
[Source "ChessBase"]
[SourceDate "2007.11.25"]
[SourceVersion "1"]
[SourceVersionDate "2007.11.25"]
[SourceQuality "1"]

1. c4 e6 2. Nc3 b6 3. Nf3 Bb7 4. g3 Nf6 5. Bg2 Be7 6. O-O O-O 7. Qc2 d5 8. cxd5
exd5 9. d4 Nbd7 10. Bf4 a6 11. Rfd1 Nh5 12. Bc1 Nhf6 13. Bf4 1/2-1/2

[Event "Leipzig VfB op 14th"]
[Site "Leipzig"]
[Date "2007.03.25"]
[Round "9"]
[White "Berry, Stephen H"]
[Black "Rohne, Lars"]
[Result "1/2-1/2"]
[WhiteElo "2379"]
[BlackElo "2087"]
[PlyCount "69"]
[EventDate "2007.03.20"]
[EventType "swiss"]
[EventRounds "9"]
[EventCountry "GER"]
[SourceTitle "EXT 2008"]
[Source "ChessBase"]
[SourceDate "2007.11.25"]
[SourceVersion "1"]
[SourceVersionDate "2007.11.25"]
[SourceQuality "1"]

1. e4 c5 2. Nf3 e6 3. d3 Nc6 4. g3 g6 5. Bg2 Bg7 6. O-O Nge7 7. c3 d6 8. d4 O-O
9. dxc5 dxc5 10. Be3 b6 11. Qe2 Qc7 12. a4 e5 13. Na3 h6 14. Nd2 Be6 15. Rfd1
Rad8 16. Ndc4 Rxd1+ 17. Rxd1 Rd8 18. Bf1 Nc8 19. f3 Qe7 20. Qc2 Rxd1 21. Qxd1
Qd7 22. Qc1 Kh7 23. a5 N6e7 24. axb6 axb6 25. Nd2 Nd6 26. b4 cxb4 27. cxb4 Nec8
28. Qc2 h5 29. Kf2 Bh6 30. Bxh6 Kxh6 31. Qc3 f6 32. Ndc4 Qc6 33. Qd2+ Kg7 34.
Ne3 Ne7 35. Nb1 1/2-1/2

[Event "Cotswold op"]
[Site "Cheltenham"]
[Date "2007.05.26"]
[Round "1"]
[White "Berry, Stephen H"]
[Black "Gilmour, Andrew J"]
[Result "1-0"]
[WhiteElo "2328"]
[BlackElo "1904"]
[PlyCount "93"]
[EventDate "2007.05.26"]
[EventType "swiss"]
[EventRounds "6"]
[EventCountry "ENG"]
[SourceTitle "EXT 2008"]
[Source "ChessBase"]
[SourceDate "2007.11.25"]
[SourceVersion "1"]
[SourceVersionDate "2007.11.25"]
[SourceQuality "1"]

1. e4 c5 2. Nf3 d6 3. Bc4 Nf6 4. d3 Nc6 5. c3 d5 6. exd5 Nxd5 7. O-O e6 8. d4
cxd4 9. cxd4 Be7 10. Nc3 O-O 11. Re1 Nf6 12. a3 a6 13. Bg5 b5 14. Ba2 b4 15.
Ne2 Bd7 16. Ne5 Be8 17. Nxc6 Bxc6 18. Nf4 bxa3 19. bxa3 Bd7 20. d5 Nxd5 21.
Bxd5 Bxg5 22. Bxa8 Qxa8 23. Qxd7 Bxf4 24. Qa4 Qb8 25. g3 Be5 26. Rab1 Qd6 27.
Rbd1 Qc5 28. Qxa6 Bd4 29. Re2 Rd8 30. Kg2 Qd5+ 31. f3 e5 32. a4 h6 33. Qb5 Qa8
34. Rb1 Kh7 35. a5 Rd5 36. Qd3+ g6 37. Rb5 Rd8 38. Qb3 Rd7 39. Qa4 Ra7 40. Qb3
Kg7 41. Qb4 g5 42. Rb8 Qd5 43. Qf8+ Kg6 44. Qg8+ Kh5 45. Re4 Qa2+ 46. Kh3 f5
47. g4+ 1-0

[Event "Cotswold op"]
[Site "Cheltenham"]
[Date "2007.05.26"]
[Round "2"]
[White "Curnow, David A"]
[Black "Berry, Stephen H"]
[Result "0-1"]
[WhiteElo "1952"]
[BlackElo "2328"]
[PlyCount "98"]
[EventDate "2007.05.26"]
[EventType "swiss"]
[EventRounds "6"]
[EventCountry "ENG"]
[SourceTitle "EXT 2008"]
[Source "ChessBase"]
[SourceDate "2007.11.25"]
[SourceVersion "1"]
[SourceVersionDate "2007.11.25"]
[SourceQuality "1"]

1. e4 e5 2. Nf3 Nc6 3. Bb5 a6 4. Ba4 d6 5. c3 Bd7 6. O-O g6 7. d4 Bg7 8. Re1
Qe7 9. d5 Nb8 10. c4 Nf6 11. Nc3 O-O 12. Bxd7 Nbxd7 13. Bg5 h6 14. Bh4 a5 15.
Nd2 Nc5 16. Nb3 Qd7 17. Nxc5 dxc5 18. Na4 Qd6 19. Bxf6 Bxf6 20. a3 b6 21. Nc3
Be7 22. Qg4 Kh7 23. Qg3 Qf6 24. Nb5 Bd6 25. b3 Rae8 26. Rab1 Qe7 27. Qc3 h5 28.
Nxd6 cxd6 29. b4 axb4 30. axb4 Ra8 31. bxc5 bxc5 32. Ra1 Qg5 33. Reb1 Kg7 34.
Qc1 Qf4 35. Qc2 h4 36. Qd3 Rfb8 37. g3 Qf6 38. Rxa8 Rxa8 39. Kg2 h3+ 40. Kg1
Qg5 41. Rd1 Ra2 42. Kf1 Qh5 43. Rb1 Qg5 44. Rd1 Qf6 45. Qe3 Rc2 46. Rc1 Rxc1+
47. Qxc1 Qf3 48. Qe3 Qh1+ 49. Ke2 Qxh2 0-1

[Event "Cotswold op"]
[Site "Cheltenham"]
[Date "2007.05.27"]
[Round "3"]
[White "Berry, Stephen H"]
[Black "White, Michael JR"]
[Result "1-0"]
[WhiteElo "2328"]
[BlackElo "2200"]
[PlyCount "99"]
[EventDate "2007.05.26"]
[EventType "swiss"]
[EventRounds "6"]
[EventCountry "ENG"]
[SourceTitle "EXT 2008"]
[Source "ChessBase"]
[SourceDate "2007.11.25"]
[SourceVersion "1"]
[SourceVersionDate "2007.11.25"]
[SourceQuality "1"]

1. e4 c5 2. Nf3 e6 3. d3 Nc6 4. g3 g6 5. Bg2 Bg7 6. O-O Nge7 7. c3 d5 8. Nbd2
O-O 9. Re1 Qc7 10. Qe2 dxe4 11. dxe4 b6 12. e5 a5 13. a4 Ba6 14. Qe4 Rad8 15.
Bf1 Bb7 16. Qe2 Rd5 17. Nc4 Ba6 18. Qe4 Nb8 19. Bf4 Rd7 20. Nd6 Bxf1 21. Kxf1
h6 22. g4 Qc6 23. Bg3 Qxe4 24. Rxe4 Nbc6 25. Nc4 Nd5 26. Kg2 Rb8 27. Re2 g5 28.
h4 gxh4 29. Nxh4 Nde7 30. f4 Ng6 31. Nf3 Nce7 32. Nfd2 Nd5 33. Rf1 Nge7 34. Ne4
Nc6 35. Ned6 Nc7 36. f5 b5 37. fxe6 fxe6 38. axb5 Nxb5 39. Ne4 Rd5 40. Nf6+
Bxf6 41. exf6 e5 42. Nxe5 Nxe5 43. Bxe5 Rbd8 44. f7+ Kf8 45. Bf4 Kxf7 46. Bc7+
Kg6 47. Bxd8 Rxd8 48. Rf5 Rc8 49. Re6+ Kg7 50. Rb6 1-0

[Event "Cotswold op"]
[Site "Cheltenham"]
[Date "2007.05.27"]
[Round "4"]
[White "Beaumont, Chris"]
[Black "Berry, Stephen H"]
[Result "1-0"]
[WhiteElo "2168"]
[BlackElo "2328"]
[PlyCount "115"]
[EventDate "2007.05.26"]
[EventType "swiss"]
[EventRounds "6"]
[EventCountry "ENG"]
[SourceTitle "EXT 2008"]
[Source "ChessBase"]
[SourceDate "2007.11.25"]
[SourceVersion "1"]
[SourceVersionDate "2007.11.25"]
[SourceQuality "1"]

1. d4 Nf6 2. Nf3 e6 3. e3 b6 4. Bd3 Bb7 5. O-O Be7 6. c4 O-O 7. Nc3 d5 8. cxd5
exd5 9. b3 Nbd7 10. Bb2 a6 11. Rc1 Bd6 12. Ne2 Qe7 13. Ng3 g6 14. Qe2 Ne4 15.
Rc2 h5 16. Rfc1 c6 17. Nd2 Nxg3 18. hxg3 Nf6 19. Nf3 a5 20. Ne5 Bxe5 21. dxe5
Ne4 22. Bxe4 dxe4 23. Qc4 Rad8 24. Qxe4 c5 25. Qf4 Qe6 26. Bc3 Rd3 27. f3 Rfd8
28. e4 Ba6 29. Rd2 Rxd2 30. Bxd2 Rd3 31. Bc3 Kf8 32. Rc2 Ke8 33. Qg5 Kd7 34.
Rd2 Kc7 35. Rxd3 Bxd3 36. Qe3 Bb5 37. f4 Bd7 38. Qd3 Kb7 39. Bd2 a4 40. Be3
axb3 41. axb3 Bc6 42. b4 cxb4 43. Qd4 b3 44. Qxb6+ Kc8 45. Qb4 Bb7 46. Ba7 b2
47. Qxb2 Qc4 48. Qa3 Bxe4 49. Qf8+ Kb7 50. Qb8+ Kc6 51. Qb6+ Kd7 52. Qd6+ Kc8
53. Bc5 Qa2 54. Qf8+ Kb7 55. Qe7+ Kc6 56. Qd6+ Kb5 57. Qb6+ Kc4 58. Qb4+ 1-0

[Event "Cotswold op"]
[Site "Cheltenham"]
[Date "2007.05.28"]
[Round "5"]
[White "Berry, Stephen H"]
[Black "Martin, Peter"]
[Result "1-0"]
[WhiteElo "2328"]
[BlackElo "1888"]
[PlyCount "53"]
[EventDate "2007.05.26"]
[EventType "swiss"]
[EventRounds "6"]
[EventCountry "ENG"]
[SourceTitle "EXT 2008"]
[Source "ChessBase"]
[SourceDate "2007.11.25"]
[SourceVersion "1"]
[SourceVersionDate "2007.11.25"]
[SourceQuality "1"]

1. e4 e5 2. Nf3 Nc6 3. Bb5 g6 4. d4 Bg7 5. dxe5 Nxe5 6. Nxe5 Bxe5 7. O-O a6 8.
Bc4 Qe7 9. Nc3 Qc5 10. Qd3 Ne7 11. Be3 Qd6 12. Qxd6 Bxd6 13. f4 b6 14. e5 Bb4
15. Ne4 Nf5 16. Bf2 Be7 17. g4 Nh6 18. h3 Bb7 19. Nc3 O-O-O 20. Nd5 Bxd5 21.
Bxd5 d6 22. e6 f6 23. a4 Rhf8 24. c4 c5 25. a5 b5 26. cxb5 axb5 27. a6 1-0

[Event "Cotswold op"]
[Site "Cheltenham"]
[Date "2007.05.28"]
[Round "6"]
[White "Berry, Stephen H"]
[Black "James, Russell A"]
[Result "1-0"]
[WhiteElo "2328"]
[BlackElo "2120"]
[PlyCount "59"]
[EventDate "2007.05.26"]
[EventType "swiss"]
[EventRounds "6"]
[EventCountry "ENG"]
[SourceTitle "EXT 2008"]
[Source "ChessBase"]
[SourceDate "2007.11.25"]
[SourceVersion "1"]
[SourceVersionDate "2007.11.25"]
[SourceQuality "1"]

1. e4 e5 2. Nf3 Nc6 3. Bb5 Nf6 4. O-O Nxe4 5. Re1 Nd6 6. Nxe5 Nxe5 7. Rxe5+ Be7
8. Nc3 O-O 9. Bd3 Bf6 10. Re3 g6 11. Qf3 c6 12. b3 Nb5 13. Bxb5 cxb5 14. Ba3 d6
15. Rae1 Bxc3 16. dxc3 Bf5 17. h3 Qd7 18. g4 Be6 19. Qf4 Rad8 20. c4 d5 21.
Bxf8 Rxf8 22. cxb5 Qxb5 23. Qd4 Qa6 24. a4 Rc8 25. Qf6 Rxc2 26. Rxe6 fxe6 27.
Rxe6 Rc1+ 28. Kh2 Rh1+ 29. Kxh1 Qf1+ 30. Kh2 1-0

[Event "Paignton Premier"]
[Site "Paignton"]
[Date "2007.09.02"]
[Round "1"]
[White "Hurwitz, Ed"]
[Black "Berry, Stephen H"]
[Result "0-1"]
[WhiteElo "2100"]
[BlackElo "2353"]
[PlyCount "72"]
[EventDate "2007.09.02"]
[EventType "swiss"]
[EventRounds "7"]
[EventCountry "ENG"]
[SourceTitle "EXT 2008"]
[Source "ChessBase"]
[SourceDate "2007.11.25"]
[SourceVersion "1"]
[SourceVersionDate "2007.11.25"]
[SourceQuality "1"]

1. Nc3 d5 2. e4 dxe4 3. Nxe4 Nd7 4. Bc4 Ndf6 5. Nc3 e6 6. Nf3 Ne7 7. d4 Ng6 8.
Qe2 Be7 9. h4 h5 10. Bd2 c6 11. Bd3 Nf8 12. O-O-O N8d7 13. Kb1 Nb6 14. Ne4 Nxe4
15. Bxe4 Nd5 16. c4 Nf6 17. Bc2 Bd7 18. Bd3 b5 19. b3 bxc4 20. bxc4 Qc7 21. Ne5
Rb8+ 22. Ka1 Bb4 23. Bxb4 Rxb4 24. Rb1 Rxb1+ 25. Rxb1 O-O 26. Rd1 Rb8 27. Qd2
c5 28. Nxd7 Nxd7 29. Qe2 Nf6 30. Rb1 Rxb1+ 31. Bxb1 Nd7 32. Qd3 Qf4 33. Qh7+
Kf8 34. Qh8+ Ke7 35. Qxg7 Nf6 36. Bg6 Qc1+ 0-1

[Event "Paignton Premier"]
[Site "Paignton"]
[Date "2007.09.03"]
[Round "2"]
[White "Berry, Stephen H"]
[Black "Lewyk, Ihor"]
[Result "1/2-1/2"]
[WhiteElo "2353"]
[BlackElo "2105"]
[PlyCount "52"]
[EventDate "2007.09.02"]
[EventType "swiss"]
[EventRounds "7"]
[EventCountry "ENG"]
[SourceTitle "EXT 2008"]
[Source "ChessBase"]
[SourceDate "2007.11.25"]
[SourceVersion "1"]
[SourceVersionDate "2007.11.25"]
[SourceQuality "1"]

1. e4 c5 2. Nf3 e6 3. d3 Nc6 4. g3 Be7 5. Bg2 Bf6 6. O-O Nge7 7. c3 d5 8. Qe2
dxe4 9. dxe4 e5 10. Na3 Be6 11. Rd1 Qc8 12. Nb5 O-O 13. Nd6 Qc7 14. Bg5 Rad8
15. Nb5 Qb8 16. Bxf6 gxf6 17. h4 a6 18. Na3 Rxd1+ 19. Rxd1 Rd8 20. Rxd8+ Qxd8
21. Nc4 Bxc4 22. Qxc4 Qd1+ 23. Kh2 Qc2 24. Qxc5 Qxb2 25. h5 Kg7 26. a3 h6
1/2-1/2

[Event "Paignton Premier"]
[Site "Paignton"]
[Date "2007.09.05"]
[Round "4"]
[White "Hodgson, John H"]
[Black "Berry, Stephen H"]
[Result "1/2-1/2"]
[WhiteElo "2227"]
[BlackElo "2353"]
[PlyCount "63"]
[EventDate "2007.09.02"]
[EventType "swiss"]
[EventRounds "7"]
[EventCountry "ENG"]
[SourceTitle "EXT 2008"]
[Source "ChessBase"]
[SourceDate "2007.11.25"]
[SourceVersion "1"]
[SourceVersionDate "2007.11.25"]
[SourceQuality "1"]

1. e4 e5 2. Nf3 Nc6 3. Bb5 Nf6 4. O-O d6 5. d4 Bd7 6. Nc3 exd4 7. Nxd4 Be7 8.
Bxc6 bxc6 9. Qd3 O-O 10. Re1 Re8 11. h3 Qb8 12. b3 Qb6 13. Bd2 Rad8 14. Nf3 Be6
15. Qe2 Nd7 16. Ng5 Bf6 17. Rad1 Qc5 18. Nxe6 Rxe6 19. Qf3 Rde8 20. Re2 Be5 21.
Be1 a6 22. Qe3 h6 23. Qxc5 Nxc5 24. f3 Bf6 25. Kf1 Bxc3 26. Bxc3 f5 27. Bd4 Nd7
28. Rde1 fxe4 29. Rxe4 Rxe4 30. Rxe4 Rxe4 31. fxe4 a5 32. Bc3 1/2-1/2

[Event "Paignton Premier"]
[Site "Paignton"]
[Date "2007.09.06"]
[Round "5"]
[White "Berry, Stephen H"]
[Black "Smith, Andrew Philip"]
[Result "1-0"]
[WhiteElo "2353"]
[BlackElo "2209"]
[PlyCount "83"]
[EventDate "2007.09.02"]
[EventType "swiss"]
[EventRounds "7"]
[EventCountry "ENG"]
[SourceTitle "EXT 2008"]
[Source "ChessBase"]
[SourceDate "2007.11.25"]
[SourceVersion "1"]
[SourceVersionDate "2007.11.25"]
[SourceQuality "1"]

1. e4 c5 2. Nf3 Nc6 3. Bb5 Na5 4. O-O a6 5. Be2 d6 6. c3 Nf6 7. d3 g6 8. Nbd2
Bg7 9. Re1 e5 10. a3 O-O 11. b4 cxb4 12. axb4 Nc6 13. b5 Na7 14. bxa6 bxa6 15.
c4 Nc6 16. Ba3 Re8 17. Nf1 Re7 18. Ne3 Rb8 19. Qc2 Nd4 20. Nxd4 exd4 21. Nf1
Reb7 22. Nd2 Ne8 23. Bf3 Rb6 24. Reb1 Qg5 25. Rxb6 Rxb6 26. Bc1 h5 27. Nb3 Qe7
28. h3 Be5 29. Be2 Nc7 30. f4 Bg7 31. Bd2 Qh4 32. Bf3 Qg3 33. Nc1 Ne6 34. Ne2
Qh4 35. Rb1 Qd8 36. Kh2 h4 37. Ba5 Rb2 38. Qxb2 Qxa5 39. Qb8 Qd8 40. Bg4 Bf6
41. Bxe6 fxe6 42. Rb6 1-0

[Event "Paignton Premier"]
[Site "Paignton"]
[Date "2007.09.07"]
[Round "6"]
[White "Berry, Stephen H"]
[Black "Arkell, Keith C"]
[Result "1/2-1/2"]
[WhiteElo "2353"]
[BlackElo "2479"]
[PlyCount "28"]
[EventDate "2007.09.02"]
[EventType "swiss"]
[EventRounds "7"]
[EventCountry "ENG"]
[SourceTitle "EXT 2008"]
[Source "ChessBase"]
[SourceDate "2007.11.25"]
[SourceVersion "1"]
[SourceVersionDate "2007.11.25"]
[SourceQuality "1"]

1. e4 c6 2. d4 d5 3. e5 c5 4. dxc5 e6 5. Nf3 Bxc5 6. Bd3 Nc6 7. O-O Nge7 8. a3
Ng6 9. b4 Bb6 10. Re1 O-O 11. Bb2 Bd7 12. Nbd2 Nce7 13. Nb3 a6 14. Nbd4 Nc6
1/2-1/2

[Event "Paignton Premier"]
[Site "Paignton"]
[Date "2007.09.08"]
[Round "7"]
[White "Cutmore, Martin J"]
[Black "Berry, Stephen H"]
[Result "0-1"]
[WhiteElo "2010"]
[BlackElo "2353"]
[PlyCount "88"]
[EventDate "2007.09.02"]
[EventType "swiss"]
[EventRounds "7"]
[EventCountry "ENG"]
[SourceTitle "EXT 2008"]
[Source "ChessBase"]
[SourceDate "2007.11.25"]
[SourceVersion "1"]
[SourceVersionDate "2007.11.25"]
[SourceQuality "1"]

1. d4 Nf6 2. c4 d6 3. Nc3 Nbd7 4. e4 e5 5. d5 Be7 6. g3 O-O 7. Bg2 c6 8. Nge2
a6 9. O-O cxd5 10. cxd5 b5 11. a3 Nb6 12. f4 Nfd7 13. b3 Bf6 14. Be3 Bb7 15.
Qd2 Rc8 16. f5 h6 17. h4 Rc7 18. Nd1 Qe7 19. Nf2 Rfc8 20. Ra2 Nc5 21. Rb2 Nbd7
22. Rc1 Qf8 23. Rc3 a5 24. Rc1 a4 25. bxa4 bxa4 26. Qe1 Ba6 27. Rb4 Bd8 28. Qd1
Qe8 29. Kh2 Nf6 30. Rb6 Bxe2 31. Qxe2 Qd7 32. Rb4 Be7 33. Qf3 Rb7 34. g4 Nh7
35. Qg3 f6 36. g5 hxg5 37. hxg5 fxg5 38. f6 Nxf6 39. Bxg5 Rcb8 40. Bh3 Qe8 41.
Rxb7 Rxb7 42. Qh4 Nh7 43. Bxe7 Qxe7 44. Qg4 Rb2 0-1

[Event "Leuven op 19th"]
[Site "Leuven"]
[Date "2007.??.??"]
[Round "1"]
[White "Berry, Stephen H"]
[Black "Barbe, Tom"]
[Result "1/2-1/2"]
[WhiteElo "2350"]
[BlackElo "2075"]
[PlyCount "108"]
[EventDate "2007.11.??"]
[EventType "swiss"]
[EventRounds "7"]
[EventCountry "BEL"]
[SourceTitle "EXT 2010"]
[Source "ChessBase"]
[SourceDate "2009.11.30"]
[SourceVersion "1"]
[SourceVersionDate "2009.11.30"]
[SourceQuality "1"]

1. e4 e5 2. Nf3 Nc6 3. Bb5 a6 4. Bxc6 dxc6 5. O-O Bg4 6. h3 Bh5 7. d3 Qf6 8.
Be3 Bxf3 9. Qxf3 Qxf3 10. gxf3 Bd6 11. Nd2 Ne7 12. Rfb1 c5 13. Kf1 Nc6 14. c3
Ke7 15. Ke2 b6 16. Nc4 Ke6 17. Rg1 g6 18. Rad1 Rhd8 19. Nxd6 Rxd6 20. f4 exf4
21. Bxf4 Rd7 22. Be3 Ne7 23. d4 cxd4 24. cxd4 f6 25. Rc1 c6 26. Rc3 Kf7 27. f3
Rb8 28. Rgc1 Rbb7 29. Bf2 Rd8 30. R1c2 Rdd7 31. b4 Rd8 32. a4 b5 33. a5 Rbd7
34. Rd3 Re8 35. Kf1 Ra8 36. Rc5 Rad8 37. h4 Kg7 38. Kg2 Kf7 39. Be3 Kg7 40. Rc1
Kf7 41. Kg3 Rg8 42. Rcd1 Rgd8 43. Kf2 Ke6 44. R1d2 Rd6 45. d5+ cxd5 46. Bc5
R6d7 47. Bxe7 Kxe7 48. exd5 Kd6 49. Rd4 Ke5 50. f4+ Kf5 51. d6 Ke6 52. Re2+ Kf7
53. Red2 Ke6 54. Re2+ Kf7 1/2-1/2

[Event "Leuven op 19th"]
[Site "Leuven"]
[Date "2007.??.??"]
[Round "3"]
[White "Burnay, Gerard"]
[Black "Berry, Stephen H"]
[Result "0-1"]
[WhiteElo "1860"]
[BlackElo "2350"]
[PlyCount "120"]
[EventDate "2007.11.??"]
[EventType "swiss"]
[EventRounds "7"]
[EventCountry "BEL"]
[SourceTitle "EXT 2010"]
[Source "ChessBase"]
[SourceDate "2009.11.30"]
[SourceVersion "1"]
[SourceVersionDate "2009.11.30"]
[SourceQuality "1"]

1. d4 Nf6 2. c4 e6 3. Nc3 Bb4 4. Qc2 Nc6 5. Nf3 d6 6. Bg5 h6 7. Bh4 g5 8. Bg3
g4 9. d5 exd5 10. cxd5 Nxd5 11. Bh4 Nde7 12. Bf6 Rg8 13. Nd4 Nxd4 14. Bxd4 c5
15. Bf6 Rg6 16. Bh4 Qa5 17. e4 Nc6 18. O-O-O Bxc3 19. bxc3 Bd7 20. Bc4 Ne5 21.
Bd5 Rc8 22. Rdf1 Bb5 23. c4 Qa3+ 24. Kb1 Ba4 25. Qb2 Qxb2+ 26. Kxb2 Bc6 27. Kc3
Bxd5 28. exd5 Kd7 29. f4 gxf3 30. gxf3 Rg2 31. a4 Rcg8 32. Bg3 Re2 33. Bxe5
Rxe5 34. Re1 Rxe1 35. Rxe1 Rg2 36. Rb1 b6 37. a5 Rf2 38. axb6 Rxf3+ 39. Kd2
axb6 40. Rxb6 Rh3 41. Rb7+ Ke8 42. Rb8+ Ke7 43. Rb7+ Kf6 44. Rd7 Ke5 45. Rxf7
Rxh2+ 46. Ke3 Rh3+ 47. Kf2 h5 48. Rh7 Kd4 49. Rh6 Kxc4 50. Rxd6 Rd3 51. Rh6
Rxd5 52. Ke3 Kc3 53. Ke4 Rd4+ 54. Ke3 h4 55. Rh8 c4 56. Ra8 Rd3+ 57. Ke2 h3 58.
Ra1 h2 59. Rc1+ Kb2 60. Rxc4 Rh3 0-1

[Event "Leuven op 19th"]
[Site "Leuven"]
[Date "2007.??.??"]
[Round "4"]
[White "Berry, Stephen H"]
[Black "Sarrau, Jelle"]
[Result "1-0"]
[WhiteElo "2350"]
[BlackElo "2185"]
[PlyCount "55"]
[EventDate "2007.11.??"]
[EventType "swiss"]
[EventRounds "7"]
[EventCountry "BEL"]
[SourceTitle "EXT 2010"]
[Source "ChessBase"]
[SourceDate "2009.11.30"]
[SourceVersion "1"]
[SourceVersionDate "2009.11.30"]
[SourceQuality "1"]

1. e4 e6 2. d4 d5 3. e5 Bd7 4. Nf3 a6 5. Bg5 Ne7 6. Nc3 h6 7. Bd2 c5 8. dxc5
Nbc6 9. Bd3 Qc7 10. Qe2 Nb4 11. O-O Nec6 12. Na4 Nxd3 13. cxd3 Nxe5 14. Nb6
Nxf3+ 15. Qxf3 Rd8 16. d4 Bb5 17. Rfe1 Bxc5 18. dxc5 Qxc5 19. a4 Qxb6 20. axb5
Qxb5 21. Qg3 Kf8 22. Rac1 Kg8 23. Rc7 Rd7 24. Rxd7 Qxd7 25. Rc1 d4 26. h4 Qd5
27. Bf4 Kh7 28. Be5 1-0

[Event "Leuven op 19th"]
[Site "Leuven"]
[Date "2007.??.??"]
[Round "5"]
[White "Bogoevski, Jani"]
[Black "Berry, Stephen H"]
[Result "1/2-1/2"]
[WhiteElo "2285"]
[BlackElo "2350"]
[PlyCount "104"]
[EventDate "2007.11.??"]
[EventType "swiss"]
[EventRounds "7"]
[EventCountry "BEL"]
[SourceTitle "EXT 2010"]
[Source "ChessBase"]
[SourceDate "2009.11.30"]
[SourceVersion "1"]
[SourceVersionDate "2009.11.30"]
[SourceQuality "1"]

1. d4 Nf6 2. Nf3 d6 3. g3 Nbd7 4. c4 e5 5. Nc3 Be7 6. Bg2 O-O 7. O-O c6 8. e4
a6 9. Nh4 g6 10. Bh6 Re8 11. d5 cxd5 12. cxd5 b5 13. h3 Nb6 14. Kh2 b4 15. Na4
Nxa4 16. Qxa4 a5 17. Rfc1 Bd7 18. Qd1 Bb5 19. Qd2 Nd7 20. Nf3 Bf8 21. Bxf8 Rxf8
22. h4 Nf6 23. Ng5 h6 24. Nh3 Qb6 25. f3 Kg7 26. Nf2 Rfc8 27. Bh3 Rxc1 28. Rxc1
Ra7 29. Nd1 Rc7 30. Rxc7 Qxc7 31. Ne3 Qc5 32. Kg1 Nd7 33. Bxd7 Bxd7 34. Kg2 a4
35. Nc2 b3 36. axb3 axb3 37. Ne3 f5 38. exf5 Bxf5 39. g4 Bc2 40. g5 h5 41. Kg3
Kf7 42. f4 Ke7 43. Kf3 Kd7 44. Kg3 Be4 45. Qf2 Bxd5 46. f5 gxf5 47. Nxd5 Qxd5
48. Qxf5+ Qe6 49. Qh7+ Kc6 50. Qxh5 e4 51. Qg4 Qe5+ 52. Kh3 Qxb2 1/2-1/2